| 000 | 03920cam a22007334i 4500 | ||
|---|---|---|---|
| 001 | u49576 | ||
| 003 | PE-LiUPU | ||
| 005 | 20250731180144.0 | ||
| 008 | 150706s2007 pe a rb 001 0 spa d | ||
| 020 | _a9786034011014 | ||
| 035 | _a(Sirsi) i9786034011014 | ||
| 040 |
_aPE-LiUPU _bspa _cPE-LiUPU _erda |
||
| 049 | _aPRUA | ||
| 082 | 0 | 4 |
_a574.985 _bM77 _221 |
| 100 | 1 |
_aMostacero León, José, _eautor. |
|
| 245 | 0 | 1 |
_aBiogeografía del Perú / _cJosé Mostacero León [y otros tres]. |
| 264 | 1 |
_aLima : _bAsamblea Nacional de Rectores, _c2007. |
|
| 300 |
_a375 páginas : _bilustraciones ; _c24 centímetros |
||
| 336 |
_atext _2rdacontent |
||
| 337 |
_aunmediated _2rdamedia |
||
| 338 |
_avolume _2rdacarrier |
||
| 504 | _aBibliografía : páginas 369-375. | ||
| 504 | _aÍndice : páginas 325-368. | ||
| 505 | 0 | _aGeneralidades -- Aspectos básicos para el conocimiento Fitogeográfico -- Corología, factores que determinan la distribución de los seres vivos, centro de origen y centro de dispersión -- Bases ecológicas para el estudio de la biogeografía y su relación con otras ciencias -- Recursos naturales y biodiversidad -- Biogeografía general -- Biogeografía del Perú. | |
| 526 | _aSEG44 | ||
| 526 | _aSEG26 | ||
| 526 | _aP159 | ||
| 526 | _aP155 | ||
| 526 | _aP154 | ||
| 526 | _aP153 | ||
| 526 | _aP150 | ||
| 526 | _aP100 | ||
| 526 | _aP31 | ||
| 526 | _aP30 | ||
| 526 | _aP26 | ||
| 526 | _aP25 | ||
| 526 | _aP24 | ||
| 526 | _aP22 | ||
| 526 | _aP15 | ||
| 526 | _aP10 | ||
| 596 | _a1 2 3 | ||
| 650 | 0 | 4 |
_aPerú _xBiogeografía. |
| 700 | 1 |
_aMedina Tafur, César Augusto, _eautor. |
|
| 700 | 1 |
_aMejía Coico, Freddy Rogger, _eautor. |
|
| 700 | 1 |
_aMostacero León, José, _eautor. |
|
| 700 | 1 |
_aZelada Estraver, William Elmer, _eautor. |
|
| 910 |
_bjv _cng |
||
| 942 |
_2ddc _cBOOK |
||
| 994 |
_aC0 _bPEPRU |
||
| 949 |
_a574.09 M87 2007 _wDEWEY _c1 _iFJ06038 _lCCODEBUJ1 _mBUJ _p8.00 _r0 _sY _tBOOK _u2017-1-25 _xCIVIL _PP24 _0COMPRA _o.STAFF. Colección General Juliaca |
||
| 949 |
_a574.09 M87 2007 _wDEWEY _c2 _iFJ06039 _lCCODEBUJ1 _mBUJ _n2 _p8.00 _r0 _sY _tBOOK _u2017-1-25 _xCIVIL _PP24 _0COMPRA _o.STAFF. Colección General Juliaca |
||
| 949 |
_a574.985 M77 _wDEWEY _c1 _i62764 _d2016-6-3 _e2016-5-31 _f2018-2-12 _g4 _lCCODEBUL1 _mBUL _n1 _p8.00 _r0 _sY _tBOOK _u2015-7-6 _xINGENIERIA _zUNKNOWN _0COMPRA _o.STAFF. Colección General |
||
| 949 |
_a574.985 M77 _wDEWEY _c2 _i62763 _e2017-4-6 _f2018-2-12 _g4 _lCCODEBUL1 _mBUL _n1 _p8.00 _r0 _sY _tBOOK _u2015-7-6 _xINGENIERIA _zUNKNOWN _0COMPRA _o.STAFF. Colección General |
||
| 949 |
_a581.1 M81 2007 _wDEWEY _c1 _iFT02277 _lCCODEBUT1 _mBUT _p35.00 _r0 _sY _tBOOK _u2015-12-30 _xINGENIERIA _PP24 _0COMPRA _o.STAFF. Colección General |
||
| 999 |
_a574.985 M77 _wDEWEY _c51936 _i62764 _d51936 _e2016-5-31 _f2021-11-9 _g7 _lCCODEBUL1 _mBUL _n1 _p8.00 _r0 _sY _tBOOK _u2015-7-6 _xINGENIERIA _zUNKNOWN _0COMPRA _o.STAFF. Colección General |
||
| 999 |
_a574.985 M77 _wDEWEY _c2 _i62763 _e2017-4-6 _f2021-11-9 _g7 _lCCODEBUL1 _mBUL _n1 _p8.00 _r0 _sY _tBOOK _u2015-7-6 _xINGENIERIA _zUNKNOWN _0COMPRA _o.STAFF. Colección General |
||
| 999 |
_a581.1 M81 2007 _wDEWEY _c1 _iFT02277 _f2019-2-20 _g1 _lCCODEBUT1 _mBUT _p35.00 _r0 _sY _tBOOK _u2015-12-30 _xINGENIERIA _PP24 _0COMPRA _o.STAFF. Colección General |
||
| 999 |
_a574.09 M87 2007 _wDEWEY _c1 _iFJ06038 _f2022-1-25 _g4 _lCCODEBUJ1 _mBUJ _p18.00 _r0 _sY _tBOOK _u2017-1-25 _xBIBLIOTECA _zUNKNOWN _0COMPRA _o.STAFF. Colección General Juliaca |
||
| 999 |
_a574.09 M87 2007 _wDEWEY _c2 _iFJ06039 _d2017-4-3 _e2017-3-30 _f2022-1-25 _g4 _lCCODEBUJ1 _mBUJ _n2 _p8.00 _r0 _sY _tBOOK _u2017-1-25 _xBIBLIOTECA _zUNKNOWN _0COMPRA _o.STAFF. Colección General Juliaca |
||
| 980 |
_81 _gALBERTO SANCHEZ Responsable de Automatización |
||